Robust statistical procedures : asymptotics and interrelations
Αποθηκεύτηκε σε:
| Κύριος συγγραφέας: | |
|---|---|
| Άλλοι συγγραφείς: | |
| Μορφή: | Βιβλίο |
| Γλώσσα: | Greek |
| Δημοσίευση: |
New York :
John Wiley,
c1996
|
| Σειρά: | Wiley series in probability and statistics. Applied probability and statistics
|
| Θέματα: | |
| Ετικέτες: |
Προσθήκη ετικέτας
Δεν υπάρχουν, Καταχωρήστε ετικέτα πρώτοι!
|
MARC
| LEADER | 00000nam a2200000 i 4500 | ||
|---|---|---|---|
| 001 | 1/8519 | ||
| 008 | 000630s1996 gre d | ||
| 020 | |a 0-471-82221-3 | ||
| 035 | |l 10062701 | ||
| 040 | |a GR-MY-UA |b gre |e aacr | ||
| 041 | 0 | |a gre | |
| 082 | 0 | |a 519.5 | |
| 100 | 1 | |a Jureckova, Jana |d 1940- | |
| 245 | 1 | 0 | |a Robust statistical procedures : |b asymptotics and interrelations / |c Jana Jureckova, Pranab Kumar Sen |
| 260 | |a New York : |b John Wiley, |c c1996 | ||
| 300 | |a xiv, 466 p.; |c 24 cm. | ||
| 490 | 1 | |a Wiley series in probability and statistics. Applied probability and statistics | |
| 504 | |a Includes bibliographical references and indexes | ||
| 650 | 0 | 0 | |a Robust statistics. |
| 700 | 1 | |a Sen, Pranab Kumar |d 1937- | |
| 830 | 0 | |a Wiley series in probability and statistics. Applied probability and statistics | |
| 852 | |a INST |b SAMOS |e 20000630 |h 519.5 JUR |p 005300019315 |q 005300019315 |t BK |y 0 | ||
| 901 | |a BIBL3-2000-2 | ||
| 909 | |a Σ |b 078807 | ||
| 922 | |a 3ΕΛΗ |b 200005 |c ΚΠΣ |d ΠΑΠΑΣΩΤΗΡΙΟΥ | ||
| 950 | |a 116-1999-12-31 | ||
| 970 | |a ΚΟΣΙΕΡΗΣ |b ΧΡΗΣΤΟΣ |z 2000/06/30 | ||